000 00391nam a2200169Ia 4500
003 0STCL
008 150530s9999 xx 000 0 und d
040 _aSTCL
_cSTCL
100 _aAdib Maleka
245 _aBharath Bhooshan Agrawal
260 _bRishabcharan Jain and Santati
_c1986
300 _a0
546 _aEnglish
942 _2ddc
_cBK
999 _c65617
_d65617
005 20220125171310.0